Recuerdos de la vida literaria
Guardat en:
| Autor principal: | |
|---|---|
| Format: | Llibre |
| Idioma: | espanyol |
| Publicat: |
Buenos Aires
Hachette
1962
|
| Col·lecció: | El Pasado Argentino
|
| Matèries: | |
| Etiquetes: |
Afegir etiqueta
Sense etiquetes, Sigues el primer a etiquetar aquest registre!
|
MARC
| LEADER | 00000nam a2200000 a 4500 | ||
|---|---|---|---|
| 001 | UCQ6491 | ||
| 003 | CL-VaPUC | ||
| 008 | 981016e19620000AG |||||||||||||||||spa|d | ||
| 082 | 0 | 4 | |a Ar864 |b GAL |2 21 |
| 100 | 0 | |a Gálvez, Manuel |e author |9 330142 | |
| 245 | 1 | 0 | |a Recuerdos de la vida literaria |
| 300 | |a v | ||
| 942 | |c BK | ||
| 945 | |d 19981016 00:00:00 |a crobeson | ||
| 260 | |a Buenos Aires |b Hachette |c 1962 | ||
| 500 | |a v.3: Entre la novela y la historia | ||
| 650 | 0 | |a Ensayos argentinos |9 269128 | |
| 650 | 0 | |a Literatura argentina |9 320596 | |
| 583 | |a last modification |c 19981016 00:00:00 |k Rodrigo Vera | ||
| 490 | 0 | |a El Pasado Argentino | |
| 999 | |c 276445 |d 276443 | ||
| 952 | |0 0 |1 0 |4 0 |6 AR_864_000000000000000_GAL_1962 |7 0 |8 A |9 313677 |a BIBEDU |b BIBEDU |d 2019-11-20 |h v.3 |i 1482297 |o Ar864 GAL 1962 |p 1482297 |r 2019-11-20 |w 2019-11-20 |y BK |k LIT | ||